|
|
|
|
| LEADER |
02182nam a2200493 i 4500 |
| 001 |
EBC1665345 |
| 003 |
MiAaPQ |
| 005 |
20200903223051.0 |
| 006 |
m o d | |
| 007 |
cr cnu|||||||| |
| 008 |
140414t20142014enk ob 000 0 eng d |
| 020 |
|
|
|z 9781781906927
|
| 020 |
|
|
|a 9781781906934
|q (electronic bk.)
|
| 035 |
|
|
|a (MiAaPQ)EBC1665345
|
| 035 |
|
|
|a (Au-PeEL)EBL1665345
|
| 035 |
|
|
|a (CaPaEBR)ebr10857310
|
| 035 |
|
|
|a (CaONFJC)MIL588621
|
| 035 |
|
|
|a (OCoLC)876344108
|
| 040 |
|
|
|a MiAaPQ
|b eng
|e rda
|e pn
|c MiAaPQ
|d MiAaPQ
|
| 050 |
|
4 |
|a HD31
|b .R455 2014
|
| 082 |
0 |
|
|a 302.35
|2 23
|
| 245 |
0 |
0 |
|a Religion and organization theory /
|c edited by Paul Tracey, Nelson Phillips, Michael Lounsbury ; Brad Almond [and twenty four others], contributors.
|
| 264 |
|
1 |
|a Bingley, England :
|b Emerald Group Publishing,
|c 2014.
|
| 264 |
|
4 |
|c 2014
|
| 300 |
|
|
|a 1 online resource (452 pages).
|
| 336 |
|
|
|a text
|2 rdacontent
|
| 337 |
|
|
|a computer
|2 rdamedia
|
| 338 |
|
|
|a online resource
|2 rdacarrier
|
| 490 |
1 |
|
|a Research in the Sociology of Organizations,
|x 0733-558X ;
|v Volume 41
|
| 504 |
|
|
|a Includes bibliographical references at the end of each chapters.
|
| 588 |
|
|
|a Description based on online resource; title from PDF title page (ebrary, viewed April 13, 2014).
|
| 590 |
|
|
|a Electronic reproduction. Ann Arbor, MI : ProQuest, 2016. Available via World Wide Web. Access may be limited to ProQuest affiliated libraries.
|
| 650 |
|
0 |
|a Organization
|x Religious aspects.
|
| 650 |
|
0 |
|a Religious institutions.
|
| 650 |
|
0 |
|a Religion in the workplace.
|
| 655 |
|
4 |
|a Electronic books.
|
| 700 |
1 |
|
|a Tracey, Paul,
|e editor.
|
| 700 |
1 |
|
|a Phillips, Nelson,
|e editor.
|
| 700 |
1 |
|
|a Lounsbury, Michael,
|e editor.
|
| 700 |
1 |
|
|a Almond, Brad,
|e contributor.
|
| 776 |
0 |
8 |
|i Print version:
|t Religion and organization theory.
|d Bingley, England : Emerald Group Publishing, c2014
|h xii, 439 pages
|k Research in the sociology of organizations ; Volume 41.
|z 9781781906927
|
| 797 |
2 |
|
|a ProQuest (Firm)
|
| 830 |
|
0 |
|a Research in the sociology of organizations ;
|v Volume 41.
|
| 856 |
4 |
0 |
|u https://ebookcentral.proquest.com/lib/matrademy/detail.action?docID=1665345
|z Click to View
|